[Event "C.to Italiano Semifinale"]
[Site "Limone Piemonte ITA"]
[Date "2001.06.30"]
[Round "7"]
[White "Petruccioli, Antonio"]
[Black "Casarosa, Michele"]
[Result "1-0"]
[WhiteElo "2097"]
[BlackElo "1732"]
[PlyCount "99"]
[EventDate "2001.06.24"]

1. e4 c5 2. Bc4 e6 3. Nc3 Nf6 4. e5 d5 5. exf6 dxc4 6. fxg7 Bxg7 7. Qg4 Qd4 8.
Qxd4 cxd4 9. Nb5 Na6 10. Nd6+ Ke7 11. Nxc4 Nb4 12. Na3 b6 13. Nf3 Ba6 14. d3
Rac8 15. Kd1 Bf6 16. Bd2 Nd5 17. Re1 b5 18. Re4 b4 19. Nb1 Bb7 20. Nxd4 Nc3+
21. bxc3 Bxe4 22. dxe4 bxc3 23. Nf3 cxd2 24. e5 Bg7 25. Nbxd2 Rhd8 26. Rb1 Rd7
27. Rb4 Bh6 28. Re4 Rc5 29. Nd4 Bxd2 30. Kxd2 Ra5 31. f4 Rxa2 32. g4 Ra1 33. f5
Rh1 34. f6+ Ke8 35. c4 Rxh2+ 36. Kc3 a5 37. c5 Rh3+ 38. Kc4 a4 39. c6 Rc7 40.
Kc5 Rc3+ 41. Kb6 Kd8 42. g5 Kc8 43. Rh4 Rc1 44. Rxh7 Kb8 45. g6 Rb1+ 46. Nb5
Rc8 47. Rxf7 a3 48. Rb7+ Ka8 49. Ra7+ Kb8 50. Rxa3 1-0

[Event "C.to Italiano Semifinale"]
[Site "Limone Piemonte ITA"]
[Date "2001.06.30"]
[Round "7"]
[White "Scarenzio, Renato"]
[Black "Scalcione, Michelangelo"]
[Result "0-1"]
[WhiteElo "2107"]
[BlackElo "2177"]
[PlyCount "54"]
[EventDate "2001.06.24"]

1. d4 Nf6 2. c4 g6 3. Nc3 Bg7 4. e4 d6 5. f3 O-O 6. Bg5 Nbd7 7. Qd2 c5 8. d5 a6
9. Nh3 b5 10. cxb5 Qa5 11. Nf2 axb5 12. Bxb5 Rb8 13. Bxd7 Nxd7 14. O-O Ne5 15.
Bxe7 Re8 16. Bxd6 Nc4 17. Qf4 Nxd6 18. Qxd6 Rxb2 19. Qc6 Rd8 20. Na4 Bd7 21.
Qxc5 Qxa4 22. Rad1 Rc8 23. Qe7 Rcc2 24. Rc1 Rxc1 25. Qd8+ Bf8 26. Rxc1 Qd4 27.
Qh4 Bc5 0-1

[Event "C.to Italiano Semifinale"]
[Site "Limone Piemonte ITA"]
[Date "2001.06.30"]
[Round "7"]
[White "Scuderi, David"]
[Black "Astengo, Marcello"]
[Result "0-1"]
[WhiteElo "1702"]
[BlackElo "2024"]
[PlyCount "60"]
[EventDate "2001.06.24"]

1. e4 e6 2. d4 d5 3. Nc3 Bb4 4. a3 Bf8 5. Nf3 c6 6. Bd3 Nf6 7. O-O Be7 8. h3
Qb6 9. Re1 dxe4 10. Nxe4 Nbd7 11. c4 O-O 12. Qe2 Re8 13. Be3 Qc7 14. Rac1 b6
15. Bd2 Bb7 16. Bc3 Rad8 17. Neg5 Bd6 18. Ne5 Re7 19. b4 c5 20. Ngf3 cxd4 21.
Bxd4 Bxf3 22. Nxf3 e5 23. c5 bxc5 24. bxc5 Nxc5 25. Bxc5 Bxc5 26. Qc2 Bd6 27.
Qe2 Qa5 28. Nd2 e4 29. Bb1 Qe5 30. Nc4 Qh2+ 0-1

[Event "C.to Italiano Semifinale"]
[Site "Limone Piemonte ITA"]
[Date "2001.06.30"]
[Round "7"]
[White "Tatai, Stefano"]
[Black "Rossato, Armando"]
[Result "1/2-1/2"]
[WhiteElo "2352"]
[BlackElo "2203"]
[PlyCount "26"]
[EventDate "2001.06.24"]

1. e4 e5 2. Nf3 d5 3. Nxe5 Bd6 4. d4 dxe4 5. Nc4 Nf6 6. Nxd6+ Qxd6 7. Be2 O-O
8. O-O c5 9. dxc5 Qxc5 10. Be3 Qe7 11. c4 Rd8 12. Qa4 Nc6 13. Nc3 Bg4 1/2-1/2

[Event "C.to Italiano Semifinale"]
[Site "Limone Piemonte ITA"]
[Date "2001.06.30"]
[Round "7"]
[White "Ubezio, Marco"]
[Black "Artizzu, Giulio"]
[Result "1-0"]
[WhiteElo "2193"]
[BlackElo "2098"]
[PlyCount "39"]
[EventDate "2001.06.24"]

1. d4 Nf6 2. Bg5 c5 3. Bxf6 gxf6 4. d5 b5 5. e3 Na6 6. a4 b4 7. Ne2 d6 8. Nf4
Nc7 9. Qh5 Qd7 10. Ne6 a6 11. Bc4 Bb7 12. Nd2 Rg8 13. Ne4 Rxg2 14. O-O-O Rc8
15. Rhg1 Rg6 16. Nxf8 Kxf8 17. Qxh7 Rxg1 18. Rxg1 e5 19. Nxf6 Qxa4 20. Rg7 1-0

[Event "C.to Italiano Semifinale"]
[Site "Limone Piemonte ITA"]
[Date "2001.06.30"]
[Round "7"]
[White "Vezzosi, Paolo"]
[Black "Genocchio, Daniele"]
[Result "1-0"]
[WhiteElo "2423"]
[BlackElo "2278"]
[PlyCount "97"]
[EventDate "2001.06.24"]

1. d4 Nf6 2. c4 a6 3. g3 c5 4. Bg2 cxd4 5. Qxd4 Nc6 6. Qd2 e6 7. Nc3 Qc7 8. Nh3
Be7 9. O-O O-O 10. b3 Rb8 11. Bb2 d6 12. Rac1 Na5 13. Nf4 b6 14. Rfd1 Rd8 15.
Ne4 Nxe4 16. Bxe4 Qd7 17. b4 Nc6 18. Bxg7 f5 19. Bxc6 Qxc6 20. Bh6 Qe8 21. h4
Bd7 22. Qe3 Qf7 23. Bg5 Re8 24. Bxe7 Qxe7 25. Rd3 Bc6 26. Rcd1 e5 27. Nd5 Qg7
28. Kh2 h6 29. Ra3 Bb7 30. Qd2 Re6 31. Nxb6 f4 32. Nd5 Rg6 33. Qd3 Rg4 34. Qf5
Kh8 35. Qf6 fxg3+ 36. fxg3 Rxc4 37. Qxd6 Rf8 38. Rf3 Rxf3 39. exf3 Rc2+ 40. Kh3
Rc6 41. Qd8+ Kh7 42. Ne7 Rc3 43. Rd7 Bxf3 44. Ng6 Qxd7+ 45. Qxd7+ Kxg6 46. Qe6+
Kh7 47. Qxe5 Ra3 48. h5 Kg8 49. Qe8+ 1-0

[Event "C.to Italiano Semifinale"]
[Site "Limone Piemonte ITA"]
[Date "2001.06.30"]
[Round "7"]
[White "Vismara, Daniele"]
[Black "Costantini, Roberto"]
[Result "1-0"]
[WhiteElo "2231"]
[BlackElo "2268"]
[PlyCount "53"]
[EventDate "2001.06.24"]

1. e4 c5 2. Nf3 d6 3. d4 Nf6 4. Nc3 cxd4 5. Qxd4 Nc6 6. Bb5 Bd7 7. Bxc6 Bxc6 8.
Bg5 e6 9. O-O-O Be7 10. Rhe1 O-O 11. Qd2 h6 12. Bf4 e5 13. Bg3 b5 14. Kb1 b4
15. Nd5 Nxd5 16. exd5 Bd7 17. Ng1 Bf5 18. f4 Rc8 19. Rc1 exf4 20. Qxf4 Bg6 21.
Nf3 Bf6 22. Bh4 Bxh4 23. Nxh4 Bh7 24. Nf5 Qa5 25. Ne7+ Kh8 26. Nxc8 Rxc8 27.
Qxf7 1-0

[Event "C.to Italiano Semifinale"]
[Site "Limone Piemonte ITA"]
[Date "2001.07.01"]
[Round "8"]
[White "Astengo, Corrado"]
[Black "Ubezio, Marco"]
[Result "1-0"]
[WhiteElo "2115"]
[BlackElo "2193"]
[PlyCount "31"]
[EventDate "2001.06.24"]

1. e4 Nf6 2. e5 Nd5 3. d4 d6 4. Be2 Nc6 5. c4 Nxd4 6. Qxd4 Nb4 7. Qc3 c5 8. Nf3
dxe5 9. Nxe5 Bf5 10. Na3 f6 11. Qf3 e6 12. Ng4 Qd4 13. O-O Be4 14. Qb3 O-O-O
15. Rd1 Bc2 16. Rxd4 1-0

[Event "C.to Italiano Semifinale"]
[Site "Limone Piemonte ITA"]
[Date "2001.07.01"]
[Round "8"]
[White "Astengo, Marcello"]
[Black "Gardon, Ermanno"]
[Result "1-0"]
[WhiteElo "2024"]
[BlackElo "2082"]
[PlyCount "79"]
[EventDate "2001.06.24"]

1. d4 Nf6 2. c4 c5 3. d5 b5 4. cxb5 a6 5. bxa6 g6 6. Nc3 Bxa6 7. g3 Bg7 8. Bg2
d6 9. Nh3 Nbd7 10. O-O O-O 11. Qc2 Qb6 12. Ng5 h6 13. Nh3 Rfb8 14. Kh1 Qb4 15.
Re1 Ne5 16. f4 Nc4 17. Nf2 Bc8 18. Nd3 Qa5 19. e4 Ne8 20. e5 Bf5 21. Be4 Bxe4+
22. Rxe4 Qa6 23. g4 Nc7 24. exd6 exd6 25. Re7 Nb5 26. g5 Nd4 27. Qg2 Nf5 28.
Re1 Na3 29. Rd1 Re8 30. Ne4 Nh4 31. Qf2 Rxe4 32. Qxh4 h5 33. Nf2 Rd4 34. Be3
Rxd1+ 35. Rxd1 Qe2 36. Qg3 Nc4 37. Bc1 Bd4 38. Rg1 Bxf2 39. Qg2 Rxa2 40. Rf1
1-0

[Event "C.to Italiano Semifinale"]
[Site "Limone Piemonte ITA"]
[Date "2001.07.01"]
[Round "8"]
[White "Ausmins, Elmar"]
[Black "Brignone, Roberto"]
[Result "1-0"]
[WhiteElo "2365"]
[BlackElo "2171"]
[PlyCount "69"]
[EventDate "2001.06.24"]

1. d4 d5 2. Nf3 Nf6 3. c4 dxc4 4. Nc3 a6 5. a4 Bf5 6. e3 e6 7. Bxc4 c6 8. O-O
Nbd7 9. Re1 Ne4 10. Nxe4 Bxe4 11. Nd2 Bg6 12. e4 Nb6 13. Qb3 Be7 14. d5 Nxc4
15. Nxc4 cxd5 16. Nb6 d4 17. Nxa8 Qxa8 18. f4 Qc8 19. Bd2 Qd7 20. g4 h6 21. f5
Bh7 22. Bb4 e5 23. Qa3 f6 24. Rac1 d3 25. Bxe7 d2 26. Bd6 dxe1=Q+ 27. Rxe1 Qc6
28. Kf2 Kd7 29. Bf8 Kc8 30. Re3 Qd7 31. Rc3+ Kb8 32. Bd6+ Ka8 33. Rc7 Qe8 34.
Qb4 b5 35. Qc5 1-0

[Event "C.to Italiano Semifinale"]
[Site "Limone Piemonte ITA"]
[Date "2001.07.01"]
[Round "8"]
[White "Buchicchio, Giampaolo"]
[Black "Opacic, Alexandar"]
[Result "1-0"]
[WhiteElo "2191"]
[BlackElo "1921"]
[PlyCount "121"]
[EventDate "2001.06.24"]

1. e4 d5 2. exd5 Nf6 3. d4 Nxd5 4. c4 Nf6 5. Nf3 Bg4 6. Be2 e6 7. Be3 Be7 8.
Nc3 O-O 9. O-O c6 10. h3 Bh5 11. g4 Bg6 12. Ne5 Nfd7 13. Nxg6 hxg6 14. f4 Na6
15. Bf3 Qc7 16. Qe2 Rfe8 17. Bg2 Nf6 18. Qf3 Rad8 19. Rad1 Rd7 20. a3 Qd8 21.
b4 Nc7 22. Kh1 a6 23. Na4 Na8 24. Nc5 Bxc5 25. dxc5 Nc7 26. Rxd7 Qxd7 27. Rd1
Qe7 28. Bd4 Rd8 29. Be5 Nfe8 30. Rd3 g5 31. Rxd8 Qxd8 32. f5 f6 33. Bc3 e5 34.
Qe2 Qd7 35. Be4 Kf8 36. Kg2 Ke7 37. a4 Kf8 38. Kf2 Ke7 39. Ke1 Kf8 40. Bd3 Ke7
41. Kd2 Kd8 42. Kc2 Qe7 43. Qe4 Kc8 44. Qe3 Kb8 45. Be1 Qd7 46. Bf2 Kc8 47. Qe2
Kb8 48. Kb3 Kc8 49. Kc2 Kb8 50. Kd1 g6 51. Kc2 gxf5 52. gxf5 Ng7 53. Qg4 Qf7
54. Be2 Qd7 55. Bd3 Qf7 56. h4 Qh5 57. Qxh5 Nxh5 58. Be2 Nf4 59. h5 Nce6 60.
fxe6 Nxe6 61. h6 1-0

[Event "C.to Italiano Semifinale"]
[Site "Limone Piemonte ITA"]
[Date "2001.07.01"]
[Round "8"]
[White "Casarosa, Michele"]
[Black "Scuderi, David"]
[Result "1-0"]
[WhiteElo "1732"]
[BlackElo "1702"]
[PlyCount "93"]
[EventDate "2001.06.24"]

1. e4 d6 2. d4 Nf6 3. Nc3 g6 4. Nf3 Bg7 5. Be2 c5 6. O-O cxd4 7. Nxd4 O-O 8.
Be3 Nc6 9. Nb3 a6 10. f4 b5 11. Bf3 Nd7 12. Qe2 Bb7 13. Rad1 b4 14. Na4 Qc7 15.
c3 a5 16. Rc1 Rfc8 17. Rfd1 Ba6 18. c4 Rab8 19. Qf2 Qb7 20. e5 Bxc4 21. Rxc4
Qb5 22. Rdc1 Qxa4 23. Bxc6 Rxc6 24. Rxc6 Qxa2 25. Rc8+ Rxc8 26. Rxc8+ Nf8 27.
Qc2 dxe5 28. fxe5 a4 29. Nc1 Qe6 30. Nd3 a3 31. bxa3 bxa3 32. Qc4 Qd7 33. Rc7
a2 34. Ra7 Bxe5 35. Rxa2 Bg7 36. Ra7 Qe8 37. Qe4 Qb8 38. Qxe7 Qb1+ 39. Nc1 Qf5
40. Bc5 Qd5 41. Qe3 h5 42. Ne2 Ne6 43. Bb6 Qd1+ 44. Kf2 Qd6 45. h3 Qb4 46. Ba5
Qb2 47. Bc3 1-0

[Event "C.to Italiano Semifinale"]
[Site "Limone Piemonte ITA"]
[Date "2001.07.01"]
[Round "8"]
[White "Costantini, Roberto"]
[Black "Parrella, Alfredo"]
[Result "1-0"]
[WhiteElo "2268"]
[BlackElo "2174"]
[PlyCount "47"]
[EventDate "2001.06.24"]

1. e4 c5 2. Nf3 d6 3. d4 cxd4 4. Nxd4 Nf6 5. Nc3 Nc6 6. f3 e6 7. Be3 Bd7 8. Qd2
a6 9. g4 h6 10. O-O-O b5 11. Nxc6 Bxc6 12. Rg1 Qc7 13. h4 Nd7 14. Kb1 h5 15. g5
Ne5 16. Qf2 b4 17. Ne2 Bb5 18. Bh3 Bxe2 19. Qxe2 Qc4 20. Qg2 Ng6 21. Qf2 Rc8
22. f4 Qxe4 23. f5 Qxh4 24. fxg6 1-0

[Event "C.to Italiano Semifinale"]
[Site "Limone Piemonte ITA"]
[Date "2001.07.01"]
[Round "8"]
[White "Genocchio, Daniele"]
[Black "Iotti, Pierluigi"]
[Result "1/2-1/2"]
[WhiteElo "2278"]
[BlackElo "2318"]
[PlyCount "48"]
[EventDate "2001.06.24"]

1. b3 d5 2. Bb2 c5 3. e3 Nc6 4. Bb5 Bd7 5. f4 Nf6 6. Nf3 g6 7. d3 Bg7 8. Nbd2
O-O 9. Qe2 Nb4 10. Bxd7 Qxd7 11. Nb1 Nh5 12. Bxg7 Kxg7 13. O-O Nc6 14. Ne5 Nxe5
15. fxe5 f5 16. exf6+ Rxf6 17. Rxf6 Nxf6 18. Nd2 Qe6 19. a4 Ng4 20. Re1 Rf8 21.
Nf3 Ne5 22. Rf1 Ng4 23. Re1 Ne5 24. Rf1 Ng4 1/2-1/2

[Event "C.to Italiano Semifinale"]
[Site "Limone Piemonte ITA"]
[Date "2001.07.01"]
[Round "8"]
[White "Laco, Giuseppe"]
[Black "Scarenzio, Renato"]
[Result "0-1"]
[WhiteElo "2186"]
[BlackElo "2107"]
[PlyCount "106"]
[EventDate "2001.06.24"]

1. c4 c6 2. e4 d5 3. e5 dxc4 4. Bxc4 Qd4 5. Qe2 Bg4 6. f3 Bf5 7. e6 fxe6 8.
Bxe6 Bxe6 9. Qxe6 Nd7 10. Ne2 Qd6 11. Qxd6 exd6 12. d4 O-O-O 13. Nbc3 Ngf6 14.
b4 Re8 15. Kf2 Nb6 16. a4 Nbd5 17. Nxd5 Nxd5 18. Bd2 Be7 19. h4 Bf6 20. Rac1
Re7 21. g3 Rhe8 22. Rhe1 Kb8 23. Rb1 Nb6 24. Bf4 Re6 25. b5 Nxa4 26. bxc6 Rxe2+
27. Rxe2 Rxe2+ 28. Kxe2 Nc3+ 29. Kd3 Nxb1 30. Bxd6+ Kc8 31. cxb7+ Kxb7 32. h5
a5 33. Kc2 Kc6 34. Bf8 Kd5 35. Kxb1 Bxd4 36. g4 a4 37. Ka2 Kc6 38. f4 Kd5 39.
f5 h6 40. g5 hxg5 41. h6 gxh6 42. Bxh6 g4 43. Bf4 Be5 44. Be3 g3 45. Ka3 g2 46.
Bg1 Ke4 47. Kxa4 Kxf5 48. Kb3 Bf4 49. Kc2 Ke4 50. Kd1 Kf3 51. Ke1 Bg3+ 52. Kd2
Bf2 53. Bh2 Kg4 0-1

[Event "C.to Italiano Semifinale"]
[Site "Limone Piemonte ITA"]
[Date "2001.07.01"]
[Round "8"]
[White "Modena, Giorgio"]
[Black "Vozza, Nicola"]
[Result "1/2-1/2"]
[WhiteElo "1765"]
[BlackElo "1666"]
[PlyCount "156"]
[EventDate "2001.06.24"]

1. e4 e5 2. Nf3 Nc6 3. Bb5 a6 4. Ba4 Nf6 5. O-O Be7 6. Re1 b5 7. Bb3 O-O 8. c3
d5 9. d3 dxe4 10. dxe4 Qxd1 11. Bxd1 Rd8 12. Bc2 h6 13. h3 Bc5 14. Nbd2 Be6 15.
Bb3 Bc8 16. Nf1 b4 17. Ng3 bxc3 18. bxc3 Bb7 19. Ba4 Bd6 20. Nd2 Na5 21. Nf5
Ba3 22. Bxa3 Rxd2 23. f3 Nh5 24. Bc1 Rd3 25. Re3 Rdd8 26. Re2 Bc8 27. Ne7+ Kh7
28. Nd5 c6 29. Nb4 Bb7 30. Be3 Rd6 31. Rd1 Rxd1+ 32. Bxd1 Nc4 33. Bb3 Nxe3 34.
Rxe3 a5 35. Nd3 f6 36. Ba4 Rd8 37. Nc5 Ba8 38. Rd3 Rb8 39. Bb3 Nf4 40. Rd2 Bb7
41. Kf2 Bc8 42. h4 Rb5 43. Na4 Be6 44. Bxe6 Nxe6 45. Rb2 Kg6 46. Rb3 f5 47.
exf5+ Kxf5 48. Rxb5 cxb5 49. Nb2 e4 50. g3 g5 51. hxg5 hxg5 52. a4 bxa4 53.
Nxa4 exf3 54. Kxf3 g4+ 55. Ke3 Ke5 56. Kd3 Kd5 57. Nb6+ Kc6 58. Nc4 a4 59. Ne5+
Kc5 60. Nxg4 a3 61. Kc2 a2 62. Kb2 Kc4 63. Ne5+ Kd5 64. Nf7 Kc4 65. Nd6+ Kd5
66. Nb5 Kc4 67. Na3+ Kd3 68. c4 Ke4 69. Kxa2 Kf3 70. Kb3 Kxg3 71. Kb4 Kf4 72.
Nc2 Ke5 73. Kb5 Kd6 74. Kb6 Nc5 75. Nd4 Na4+ 76. Kb5 Nc3+ 77. Kb4 Nd5+ 78. Kb3
Ne3 1/2-1/2

[Event "C.to Italiano Semifinale"]
[Site "Limone Piemonte ITA"]
[Date "2001.07.01"]
[Round "8"]
[White "Piscopo, Pierluigi"]
[Black "Vezzosi, Paolo"]
[Result "0-1"]
[WhiteElo "2212"]
[BlackElo "2423"]
[PlyCount "72"]
[EventDate "2001.06.24"]

1. e4 c5 2. Nf3 Nc6 3. d4 cxd4 4. Nxd4 e5 5. Nb5 d6 6. N1c3 a6 7. Na3 Be7 8.
Nd5 Be6 9. Be3 Bxd5 10. exd5 Nb8 11. Bd3 Nd7 12. O-O Ngf6 13. c4 O-O 14. Nb1
Ne8 15. Nc3 Bg5 16. Qh5 h6 17. Ne4 Bxe3 18. fxe3 Ndf6 19. Nxf6+ Nxf6 20. Qh4
Qe7 21. Bc2 Rac8 22. Rf3 Rc7 23. Rg3 Kh8 24. Rf1 b5 25. b3 e4 26. Rf5 bxc4 27.
bxc4 Rxc4 28. Rh5 Rg8 29. Rh3 g5 30. Rxh6+ Kg7 31. Qxg5+ Kf8 32. Rh8 Rxc2 33.
R3h7 Rc1+ 34. Kf2 Ng4+ 35. Qxg4 Qf6+ 36. Qf4 Qb2# 0-1

[Event "C.to Italiano Semifinale"]
[Site "Limone Piemonte ITA"]
[Date "2001.07.01"]
[Round "8"]
[White "Rettore, Ludwig"]
[Black "Barlocco, Carlo"]
[Result "0-1"]
[WhiteElo "2134"]
[BlackElo "2159"]
[PlyCount "76"]
[EventDate "2001.06.24"]

1. e4 c5 2. Nf3 e6 3. d4 cxd4 4. Nxd4 Nf6 5. Bd3 Nc6 6. Nxc6 dxc6 7. O-O e5 8.
h3 Be7 9. Nd2 O-O 10. Nc4 Qc7 11. f4 Nd7 12. a4 Bf6 13. f5 Nc5 14. Be3 Nxd3 15.
Qxd3 b6 16. Rfd1 Ba6 17. Qc3 Rfd8 18. Rxd8+ Rxd8 19. a5 b5 20. Nd2 c5 21. Nb3
c4 22. Nc5 Bc8 23. a6 Qc6 24. Qe1 h6 25. Rd1 Be7 26. Rxd8+ Bxd8 27. Qg3 f6 28.
Kh2 Kf8 29. Qg6 Bb6 30. Bxh6 Bxc5 31. Qxg7+ Ke8 32. Qg8+ Kd7 33. Qf7+ Kd8 34.
Bg7 Be7 35. h4 Bd7 36. h5 Be8 37. Qg8 Qxe4 38. h6 Qh4+ 0-1

[Event "C.to Italiano Semifinale"]
[Site "Limone Piemonte ITA"]
[Date "2001.07.01"]
[Round "8"]
[White "Sbarra, Marco"]
[Black "Manzardo, Bruno"]
[Result "1-0"]
[WhiteElo "2303"]
[BlackElo "2005"]
[PlyCount "63"]
[EventDate "2001.06.24"]

1. d4 Nf6 2. c4 e5 3. dxe5 Ng4 4. Bf4 Nc6 5. Nf3 Bb4+ 6. Nbd2 f6 7. exf6 Qxf6
8. e3 Qxb2 9. Be2 d6 10. O-O Nge5 11. Rb1 Nxf3+ 12. Nxf3 Qf6 13. Bg5 Qg6 14.
Bd3 Bf5 15. Bxf5 Qxf5 16. Qd5 Rf8 17. Qb5 Bc5 18. Qxb7 Kd7 19. Qa6 h6 20. Bh4
g5 21. Bg3 Rab8 22. Rb5 h5 23. Nd4 Qe4 24. f3 Nxd4 25. Rxb8 Qxe3+ 26. Bf2 Rxf3
27. Qc8+ Kc6 28. Qb7+ Kd7 29. gxf3 Nxf3+ 30. Kh1 Qe2 31. Qb5+ c6 32. Qb7+ 1-0

[Event "C.to Italiano Semifinale"]
[Site "Limone Piemonte ITA"]
[Date "2001.07.01"]
[Round "8"]
[White "Scalcione, Michelangelo"]
[Black "Rossato, Armando"]
[Result "1-0"]
[WhiteElo "2177"]
[BlackElo "2203"]
[PlyCount "95"]
[EventDate "2001.06.24"]

1. Nf3 Nc6 2. d4 d5 3. c4 Bg4 4. Nc3 Bxf3 5. gxf3 dxc4 6. d5 Na5 7. Qa4+ c6 8.
b4 cxb3 9. axb3 e6 10. dxe6 fxe6 11. Bd2 b6 12. b4 Nb7 13. Bh3 Qc8 14. Qb3 Nd8
15. Ne4 h6 16. Bc3 Qd7 17. Rd1 Qf7 18. Rd6 Qf4 19. e3 Qxf3 20. Rxe6+ Ne7 21.
Nd6+ Kd7 22. Rxh6+ Kc7 23. Ne8+ Kb7 24. Rxh8 Qxh1+ 25. Ke2 Ng6 26. Rxf8 Nxf8
27. Nd6+ Kc7 28. Be5 Qd5 29. Qxd5 cxd5 30. Bg2 Ng6 31. Bg3 Nc6 32. Bxd5 Rf8 33.
b5 Nce5 34. Nc4 Rf5 35. Be4 Rg5 36. Bxg6 Rxg3 37. Nxe5 Rg5 38. f4 Rg2+ 39. Kd3
Rxh2 40. Be4 Ra2 41. Bd5 Ra4 42. Bc4 Kd6 43. Kc3 Ra1 44. Kd4 Ra4 45. Nd3 a5 46.
bxa6 b5 47. Nb2 Ra5 48. Bxb5 1-0

[Event "C.to Italiano Semifinale"]
[Site "Limone Piemonte ITA"]
[Date "2001.07.01"]
[Round "8"]
[White "Stroppa, Daniel"]
[Black "Martorelli, Antonio"]
[Result "1-0"]
[WhiteElo "2161"]
[BlackElo "2315"]
[PlyCount "93"]
[EventDate "2001.06.24"]

1. d4 Nf6 2. Nf3 g6 3. Nc3 d5 4. Bf4 Bg7 5. e3 O-O 6. Be2 b6 7. Ne5 Ba6 8. Bf3
c6 9. h4 Nfd7 10. h5 Nxe5 11. dxe5 g5 12. h6 Bf6 13. exf6 gxf4 14. Nxd5 e6 15.
Ne7+ Kh8 16. Qxd8 Rxd8 17. exf4 Bb7 18. g4 Na6 19. Ke2 Nb4 20. Be4 Rd4 21. f3
Rad8 22. Kf2 Nxc2 23. Rac1 Rd2+ 24. Kg3 Nd4 25. Rc4 Ne2+ 26. Kh4 Nxf4 27. Bxc6
Ng2+ 28. Kg3 Ne3 29. Re4 Rg2+ 30. Kh3 Bxc6 31. Nxc6 Rc8 32. Ne7 Rd8 33. Rxe3
Rxb2 34. a3 Rc2 35. Rh2 Rc1 36. f4 Rc4 37. f5 exf5 38. Nxf5 b5 39. Rhe2 Rg8 40.
Re8 Rcxg4 41. Rxg8+ Rxg8 42. Re7 a5 43. Nd6 Rb8 44. Nxf7+ Kg8 45. Ng5 b4 46.
Rg7+ Kf8 47. Ne6+ 1-0

[Event "C.to Italiano Semifinale"]
[Site "Limone Piemonte ITA"]
[Date "2001.07.01"]
[Round "8"]
[White "Vismara, Daniele"]
[Black "Tatai, Stefano"]
[Result "1/2-1/2"]
[WhiteElo "2231"]
[BlackElo "2352"]
[PlyCount "51"]
[EventDate "2001.06.24"]

1. Nf3 c5 2. c4 Nf6 3. Nc3 e6 4. g3 Nc6 5. Bg2 d5 6. cxd5 Nxd5 7. d4 Be7 8.
Nxd5 exd5 9. dxc5 Bxc5 10. O-O d4 11. Bg5 f6 12. Rc1 Bb6 13. Bd2 O-O 14. b4 a6
15. Re1 Re8 16. a3 Bf5 17. e3 dxe3 18. Bxe3 Qxd1 19. Rcxd1 Bxe3 20. Rxe3 Rxe3
21. fxe3 Rd8 22. Rxd8+ Nxd8 23. Nd4 Bd7 24. Kf2 Kf7 25. Ke2 Ke7 26. Kd3 1/2-1/2

[Event "XXXIII C.to Italiano a squadre A1 Finali"]
[Site "Palermo ITA"]
[Date "2001.06.23"]
[Round "1"]
[White "Huebner, Robert"]
[Black "Vukovic, Zdravko"]
[Result "1/2-1/2"]
[WhiteElo "2616"]
[BlackElo "2460"]
[PlyCount "52"]
[EventDate "2001.06.23"]

1. e4 c5 2. Nf3 Nc6 3. d4 cxd4 4. Nxd4 Nf6 5. Nc3 d6 6. Bg5 e6 7. Qd2 a6 8.
O-O-O Nxd4 9. Qxd4 Be7 10. e5 dxe5 11. Qxe5 Bd7 12. Be2 Rc8 13. h4 Qc7 14. Qxc7
Rxc7 15. Bf3 Bc6 16. Rh3 h6 17. Bf4 Rc8 18. Bxc6+ Rxc6 19. Rhd3 O-O 20. Bd6
Bxd6 21. Rxd6 Rxd6 22. Rxd6 Rc8 23. a4 Kf8 24. Rd4 Ke7 25. Kd2 Ne8 26. Nd1 Nd6
1/2-1/2

[Event "XXXIII C.to Italiano a squadre A1 Finali"]
[Site "Palermo ITA"]
[Date "2001.06.23"]
[Round "1"]
[White "Kalezic, Blazo"]
[Black "Belotti, Bruno"]
[Result "1/2-1/2"]
[WhiteElo "2441"]
[BlackElo "2440"]
[PlyCount "164"]
[EventDate "2001.06.23"]

1. e4 c5 2. c3 d5 3. exd5 Qxd5 4. d4 Nf6 5. Nf3 e6 6. Be3 cxd4 7. cxd4 Nc6 8.
Nc3 Qd6 9. Rc1 Be7 10. Bd3 O-O 11. O-O Rd8 12. Qe2 Bd7 13. Rfd1 Rac8 14. Bb1
Be8 15. Bg5 h6 16. Bh4 Qf4 17. Bg3 Qg4 18. h3 Qh5 19. Ne4 Nxe4 20. Qxe4 g6 21.
Bf4 Bf8 22. Bd2 Qd5 23. Qh4 Nxd4 24. Nxd4 Rxc1 25. Bxc1 Bc6 26. Qg4 Bg7 27. Bc2
Bxd4 28. Bxh6 Qh5 29. Qxh5 gxh5 30. Rd3 Bf6 31. Rg3+ Kh8 32. Bg5 Bxg5 33. Rxg5
Rd5 34. h4 Rxg5 35. hxg5 Kg7 36. f4 f6 37. g3 e5 38. Kf2 exf4 39. gxf4 fxg5 40.
fxg5 Be8 41. Kg3 a5 42. Kh4 b5 43. a3 b4 44. axb4 axb4 45. Bd1 Bf7 46. Bxh5 Bc4
47. Kg3 b3 48. Kf4 Bd5 49. Be2 Bf7 50. Bd3 Be6 51. Bf5 Bc4 52. Ke5 Be2 53. Kd4
Bf3 54. Be4 Bg4 55. Bd3 Bf3 56. Kc4 Bd1 57. Kc3 Kf7 58. Bc4+ Kg6 59. Bxb3 Bg4
60. Kd4 Kxg5 61. Ke5 Be2 62. Bd5 Bb5 63. b4 Ba6 64. Bc6 Be2 65. Ba4 Kg6 66. Kd4
Kf6 67. Kc5 Ke7 68. Bb5 Bh5 69. Ba6 Kd8 70. Kb6 Be8 71. Bb5 Bh5 72. Kb7 Bf3+
73. Bc6 Be2 74. Kb8 Bd3 75. Bb7 Bb5 76. Bc8 Be2 77. Bf5 Bc4 78. Be4 Be2 79. Bc6
Bd3 80. Ka7 Kc7 81. Bb7 Bb5 82. Ba6 Bc6 1/2-1/2

[Event "XXXIII C.to Italiano a squadre A1 Finali"]
[Site "Palermo ITA"]
[Date "2001.06.23"]
[Round "1"]
[White "Sarno, Spartaco"]
[Black "Godena, Michele"]
[Result "1/2-1/2"]
[WhiteElo "2407"]
[BlackElo "2494"]
[PlyCount "66"]
[EventDate "2001.06.23"]

1. d4 d5 2. Nf3 Nf6 3. c4 c6 4. Nc3 dxc4 5. a4 Bf5 6. e3 e6 7. Bxc4 Bb4 8. O-O
O-O 9. Qe2 Bg6 10. Ne5 Nbd7 11. Nxg6 hxg6 12. Rd1 Qa5 13. Qc2 Rad8 14. h3 Nb6
15. Be2 Nbd5 16. Na2 Be7 17. Bd2 Qc7 18. Nc1 e5 19. dxe5 Qxe5 20. Nd3 Qe6 21.
Nc5 Bxc5 22. Qxc5 Ne4 23. Qxa7 b6 24. Bc4 Rd7 25. Qa6 Qf6 26. Bxd5 Qxf2+ 27.
Kh2 Qg3+ 28. Kg1 Qf2+ 29. Kh1 Rxd5 30. Be1 Ng3+ 31. Kh2 Nf1+ 32. Kh1 Ng3+ 33.
Kh2 Nf1+ 1/2-1/2

[Event "XXXIII C.to Italiano a squadre A1 Finali"]
[Site "Palermo ITA"]
[Date "2001.06.24"]
[Round "2"]
[White "Bellini, Fabio"]
[Black "Stangl, Markus"]
[Result "0-1"]
[WhiteElo "2481"]
[BlackElo "2479"]
[PlyCount "68"]
[EventDate "2001.06.23"]

1. e4 c5 2. Nf3 d6 3. Bb5+ Bd7 4. Bxd7+ Nxd7 5. O-O Ngf6 6. Qe2 e6 7. d3 Be7 8.
Ng5 h6 9. Nh3 g5 10. f4 g4 11. Nf2 h5 12. e5 dxe5 13. fxe5 Nh7 14. Na3 Qb8 15.
Bf4 Nhf8 16. Ne4 Ng6 17. Nc4 Nxf4 18. Rxf4 Nxe5 19. Nf6+ Bxf6 20. Rxf6 Nxc4 21.
Rxe6+ fxe6 22. Qxe6+ Kd8 23. dxc4 Kc7 24. Qe7+ Kc6 25. b4 Qf8 26. b5+ Kb6 27.
Qe6+ Ka5 28. Qe1+ Kb6 29. Qe6+ Kc7 30. Rd1 Rd8 31. Qe5+ Kc8 32. Qe6+ Kb8 33.
Rf1 Qxf1+ 34. Kxf1 Rhf8+ 0-1

[Event "XXXIII C.to Italiano a squadre A1 Finali"]
[Site "Palermo ITA"]
[Date "2001.06.24"]
[Round "2"]
[White "Belotti, Bruno"]
[Black "Aldrovandi, Costantino"]
[Result "1-0"]
[WhiteElo "2440"]
[BlackElo "2386"]
[PlyCount "79"]
[EventDate "2001.06.23"]

1. Nf3 d6 2. d4 g6 3. e4 Bg7 4. Bc4 Nf6 5. Qe2 Nc6 6. c3 e5 7. dxe5 dxe5 8. b3
Nh5 9. g3 h6 10. Na3 Bh3 11. Nc2 Qf6 12. Ne3 O-O-O 13. Nd2 Bf8 14. Qf3 Rd7 15.
Qxf6 Nxf6 16. b4 h5 17. f3 a6 18. Ke2 b5 19. Bd3 Nb8 20. a4 c6 21. Rd1 Be7 22.
Bb2 Rhd8 23. Ndf1 Ne8 24. c4 f6 25. axb5 axb5 26. cxb5 cxb5 27. Nd5 Rxd5 28.
exd5 Bxf1+ 29. Kxf1 Nd6 30. Ra7 Rd7 31. Rxd7 Nxd7 32. Bxg6 Nc4 33. Bc1 Bxb4 34.
Bxh5 f5 35. Bg6 Nd6 36. h4 Nf8 37. h5 Kd7 38. Bg5 Bc5 39. g4 f4 40. Bd3 1-0

[Event "XXXIII C.to Italiano a squadre A1 Finali"]
[Site "Palermo ITA"]
[Date "2001.06.24"]
[Round "2"]
[White "Djuric, Stefan"]
[Black "Huebner, Robert"]
[Result "1/2-1/2"]
[WhiteElo "2483"]
[BlackElo "2616"]
[PlyCount "43"]
[EventDate "2001.06.23"]

1. e4 e6 2. d4 d5 3. Nc3 Nf6 4. Bg5 Bb4 5. exd5 Qxd5 6. Bxf6 gxf6 7. Qd2 Qa5 8.
g3 Bd7 9. Bg2 Bc6 10. Nf3 Nd7 11. O-O O-O-O 12. a3 Bxc3 13. bxc3 Nb6 14. Rfe1
h5 15. a4 h4 16. Qd3 hxg3 17. hxg3 Bd5 18. Reb1 Nc4 19. Rb4 Nd6 20. Rab1 c5 21.
dxc5 Qxc5 22. Nh4 1/2-1/2